| 000 | 00702nam a2200217Ia 4500 | ||
|---|---|---|---|
| 008 | 191130s1995##################000#0#eng## | ||
| 020 | _a1858981514 | ||
| 040 |
_aACL _cACL |
||
| 082 | _a330.167 GRO | ||
| 100 | _aGroenewegen, Peter D | ||
| 245 |
_aA soaring eagle : Alfred Marshall, 1842-1924 _cPeter Groenewegen |
||
| 260 |
_aCheltenham, UK _bE. Elgar _cc1995 |
||
| 300 | _axiv, 874 p. : ill. ; 25 cm | ||
| 500 | _aIncludes bibliographical references and index | ||
| 650 | _aEconomists - Great Britain - Biography | ||
| 650 | _aMarshall, Alfred, 1842-1924 | ||
| 650 | _aNeoclassical school of economics | ||
| 990 | _a0293fd7cac10000c2b51540ffa475a42 | ||
| 991 | _a43477 | ||
| 999 |
_c359011 _d359011 |
||